Устройство для определения смазочной способности промывочной жидкости

Dades bibliogràfiques
Autor principal: Чубик П. С. Петр Савельевич
Autor corporatiu: Томский политехнический университет (ТПУ)
Altres autors: Брылин В. И. Владимир Иванович
Sumari:опубл. 20.09.95
Изобретение относится к области исследования смазочной способности промывочных жидкостей. Задачей является повышение достоверности и точности определения смазочной способности промывочной жидкости.
Idioma:rus
Publicat:
Matèries:
Accés en línia:http://www1.fips.ru/fips_servl/fips_servlet?DB=RUPAT&rn=7449&DocNumber=2044301&TypeFile=html
Format: MixedMaterials Electrònic Llibre
KOHA link:https://koha.lib.tpu.ru/cgi-bin/koha/opac-detail.pl?biblionumber=637803

MARC

LEADER 00000nlm0a2200000 4500
001 637803
005 20231101133959.0
029 1 0 |a RU  |b 2044301  |c Пат.  |d МПК G 01 N 19/02 
035 |a (RuTPU)RU\TPU\network\1983 
035 |a RU\TPU\network\1982 
039 0 |a RU  |b 5006929/28  |c 19910722 
090 |a 637803 
100 |a 20141021j19950920k y0rusy50 ca 
101 0 |a rus 
102 |a RU 
105 |a a k 000zy 
135 |a drmn ---uucaa 
181 0 |a i  
182 0 |a b 
200 1 |a Устройство для определения смазочной способности промывочной жидкости  |f П. С. Чубик, В. И. Брылин  |g Томский политехнический университет (ТПУ) 
203 |a Текст  |c электронный 
300 |a опубл. 20.09.95 
330 |a Изобретение относится к области исследования смазочной способности промывочных жидкостей. Задачей является повышение достоверности и точности определения смазочной способности промывочной жидкости. 
610 1 |a патенты 
610 1 |a труды учёных ТПУ 
610 1 |a электронный ресурс 
610 1 |a изобретения 
610 1 |a смазочная способность 
610 1 |a промывочные жидкости 
610 1 |a трение 
610 1 |a бурильные трубы 
700 1 |a Чубик  |b П. С.  |c российский геолог  |c профессор, ректор Томского политехнического университета (с 2008 г.)  |f 1954-  |g Петр Савельевич  |2 stltpush  |3 (RuTPU)RU\TPU\pers\24546 
701 1 |a Брылин  |b В. И.  |c горный инженер  |c доцент Томского политехнического университета, кандидат технических наук  |f 1940-  |g Владимир Иванович  |2 stltpush  |3 (RuTPU)RU\TPU\pers\26274 
712 0 2 |a Томский политехнический университет (ТПУ)  |c (1991-2009)  |2 stltpush  |3 (RuTPU)RU\TPU\col\376 
801 1 |a RU  |b 63413507  |c 20120201 
801 2 |a RU  |b 63413507  |c 20150530  |g RCR 
856 4 |u http://www1.fips.ru/fips_servl/fips_servlet?DB=RUPAT&rn=7449&DocNumber=2044301&TypeFile=html 
942 |c CF